000 00300nam a2200145 4500
008 211011b ||||| |||| 00| 0 eng d
020 _a2900226307786
041 _aeng
080 _a82
082 _a82
100 _a21
101 _aGJL
245 _aAeschylus I
_cLattimore,R
942 _2ddc
_cBK
999 _c58124
_d58124